Biện pháp phòng trừ côn trùng và Nhện gây hại cây ăn trái : Chuối, Táo
Sách trình bày các bệnh và côn trùng gây hại trên cây chuối, táo. Các biểu hiện của bệnh và cách phòng trị
Đã lưu trong:
| Hovedforfatter: | |
|---|---|
| Format: | Bog |
| Sprog: | Undetermined |
| Udgivet: |
[ Cần Thơ ]
Công ty cổ phần in Bến Tre
2006
|
| Fag: | |
| Tags: |
Tilføj Tag
Ingen Tags, Vær først til at tagge denne postø!
|
| Thư viện lưu trữ: | Trung tâm Học liệu Trường Đại học Cần Thơ |
|---|
| LEADER | 00917nam a2200229Ia 4500 | ||
|---|---|---|---|
| 001 | CTU_145527 | ||
| 008 | 210402s9999 xx 000 0 und d | ||
| 020 | |c 6000 | ||
| 082 | |a 632.9 | ||
| 082 | |b C506c | ||
| 100 | |a Nguyễn, Thị Thu Cúc | ||
| 245 | 0 | |a Biện pháp phòng trừ côn trùng và Nhện gây hại cây ăn trái : | |
| 245 | 0 | |b Chuối, Táo | |
| 245 | 0 | |c Nguyễn Thị Thu Cúc | |
| 260 | |a [ Cần Thơ ] | ||
| 260 | |b Công ty cổ phần in Bến Tre | ||
| 260 | |c 2006 | ||
| 520 | |a Sách trình bày các bệnh và côn trùng gây hại trên cây chuối, táo. Các biểu hiện của bệnh và cách phòng trị | ||
| 650 | |a Pests,Fruit trees,Banana,Côn trùng gây hại | ||
| 650 | |x Control,Diseases and pests,Kiểm soát | ||
| 904 | |i Năm | ||
| 980 | |a Trung tâm Học liệu Trường Đại học Cần Thơ | ||